La prevención del absentismo en el lugar de trabajo: resumen
Na minha lista:
| Autor Corporativo: | |
|---|---|
| Formato: | Texto |
| Publicado em: |
Bruselas:
Comunidades Europeas
|
| Tags: |
Adicionar Tag
Sem tags, seja o primeiro a adicionar uma tag!
|
MARC
| LEADER | 00000 a a2200000 04500 | ||
|---|---|---|---|
| 001 | 22787 | ||
| 003 | |||
| 040 | |||
| 020 | |a 92-828-0335-X | ||
| 090 | |a 156500 | ||
| 110 | |a Fundación Europea | ||
| 245 | |a La prevención del absentismo en el lugar de trabajo: resumen | ||
| 260 | |a Bruselas: |b Comunidades Europeas | ||
| 300 | |a 40 p. | ||
| 999 | |c 13437 |d 13437 | ||



